[Event "AUTO-MASTER-1846"]
[Site "http://www.queenalice.com/game.php?id=1166788"]
[Date "2013.3.31"]
[Round "1"]
[White "TheDonaldo"]
[Black "uschmidi"]
[Result "1-0"]
[WhiteElo "2134"]
[BlackElo "2050"]

1. e4 e5 2. Nf3 Nc6 3. Bb5 d6 4. O-O Bd7 5. d4 exd4 6. Nxd4 Nxd4 7. Bxd7+ Qxd7
8. Qxd4 Be7 9. Nc3 Nf6 10. Bg5 c5 11. Qd3 O-O 12. Rad1 Rad8 13. Rfe1 Ng4 14. Bf4
Ne5 15. Bxe5 1-0

[Event "AUTO-MASTER-1846"]
[Site "http://www.queenalice.com/game.php?id=1166803"]
[Date "2013.3.31"]
[Round "1"]
[White "yasseryack"]
[Black "TheDonaldo"]
[Result "0-1"]
[WhiteElo "1901"]
[BlackElo "2165"]

1. e4 c5 2. Nc3 Nc6 3. b3 e5 4. Bb2 g6 5. Bc4 Bg7 6. Qf3 Qf6 7. Nd5 Qxf3 8. Nxf3
Rb8 9. O-O Nh6 10. Ba3 d6 11. Bb5 O-O 12. Bxc6 bxc6 13. Ne7+ Kh8 14. Nxc6 Rb7
15. c3 f5 16. Na5 Rbf7 17. Nc4 fxe4 18. Nxd6 exf3 19. Nxf7+ Rxf7 20. Bxc5 fxg2
21. Rfe1 Nf5 22. f4 Nh4 23. Re2 Bh3 24. Re3 Bd7 25. h3 exf4 26. Re7 Rxe7 27.
Bxe7 g5 28. d4 Bxh3 29. Kf2 h6 30. Rd1 Nf5 31. Bc5 g4 32. Re1 Ng3 33. Kg1 f3 34.
Bd6 Ne2+ 35. Kf2 Nxc3 36. Re8+ Kh7 37. Re7 Nd1+ 38. Kg1 f2+ 0-1

[Event "AUTO-MASTER-1846"]
[Site "http://www.queenalice.com/game.php?id=1166804"]
[Date "2013.3.31"]
[Round "1"]
[White "TheDonaldo"]
[Black "yasseryack"]
[Result "1-0"]
[WhiteElo "2143"]
[BlackElo "1975"]

1. e4 c5 2. Nf3 e6 3. d4 Be7 4. Nc3 Nc6 5. d5 exd5 6. exd5 Na5 7. d6 Bf6 8. Nd5
Nc6 9. Nc7+ Kf8 10. Nxa8 Qe8+ 11. Be2 b6 12. Nc7 Qe4 13. O-O Nb4 14. Bd3 Nxd3
15. cxd3 Qb4 16. Re1 g6 17. Re8+ Kg7 18. Rxc8 c4 19. Nd5 Qxd6 20. Nxf6 Kxf6 21.
Bg5+ Kg7 22. dxc4 Qxd1+ 23. Rxd1 h6 24. Bf4 g5 25. Be5+ f6 26. Rxd7+ Kg6 27. Bc3
h5 28. Rdd8 Ne7 29. Rxh8 Nxc8 30. Rxc8 Kf5 31. Rc6 g4 32. Rxf6+ Ke4 33. Ne1 a6
34. Kf1 h4 35. Ke2 b5 36. f3+ gxf3+ 37. gxf3# 1-0

[Event "AUTO-MASTER-1846"]
[Site "http://www.queenalice.com/game.php?id=1166813"]
[Date "2013.3.31"]
[Round "1"]
[White "clovis"]
[Black "TheDonaldo"]
[Result "0-1"]
[WhiteElo "2079"]
[BlackElo "2123"]

1. e4 c5 2. Nf3 Nc6 3. Bb5 Nf6 4. e5 Nd5 5. c3 Nc7 6. Bc4 d5 7. exd6 Qxd6 8. O-O
g6 9. d4 Bg7 10. Ng5 O-O 11. Qf3 cxd4 12. Bxf7+ Kh8 13. Bf4 e5 14. Bd2 Ne6 0-1

[Event "AUTO-MASTER-1846"]
[Site "http://www.queenalice.com/game.php?id=1166814"]
[Date "2013.3.31"]
[Round "1"]
[White "TheDonaldo"]
[Black "clovis"]
[Result "1-0"]
[WhiteElo "2150"]
[BlackElo "2000"]

1. e4 e5 2. Nf3 Nc6 3. Bb5 f5 4. Nc3 fxe4 5. Nxe4 d5 6. Nxe5 dxe4 7. Nxc6 Qd5 8.
c4 Qd6 9. Qh5+ g6 10. Qe5+ Qxe5 11. Nxe5+ c6 12. Ba4 Bg7 13. d4 exd3 14. O-O
Bxe5 15. Re1 Bf5 16. Rxe5+ Kf7 17. Bd2 Nf6 18. f3 Rac8 19. Rae1 Rhe8 20. Rxe8
Nxe8 21. Bd1 b5 22. cxb5 cxb5 23. Bb3+ Kg7 24. g4 Nd6 25. Re7+ Kf6 26. Rxa7 Nc4
27. Bc3+ Kg5 28. gxf5 Rd8 29. Bxc4 bxc4 30. fxg6 hxg6 31. h4+ Kxh4 32. Bf6+ 1-0

[Event "AUTO-MASTER-1857"]
[Site "http://www.queenalice.com/game.php?id=1173460"]
[Date "2013.4.20"]
[Round "1"]
[White "TheDonaldo"]
[Black "onasa"]
[Result "1-0"]
[WhiteElo "2186"]
[BlackElo "1962"]

1. e4 c5 2. Nf3 Nc6 3. d4 cxd4 4. Nxd4 Nf6 5. Nc3 e5 6. Ndb5 d6 7. Bg5 a6 8. Na3
Be6 9. Nc4 Be7 10. Bxf6 gxf6 11. Ne3 O-O 12. Ncd5 b5 13. Bd3 Rc8 14. c3 Kh8 15.
O-O Rg8 16. a4 Rb8 17. axb5 axb5 18. Ra6 Bd7 19. Qd2 Rb7 20. Rd1 Nb8 21. Ra8 Bc6
22. Nb4 Qb6 23. Bc2 Bd7 24. Nbd5 Qd8 25. Nxe7 Qxe7 26. Qxd6 Qxd6 27. Rxd6 Be6
28. Kf1 Nd7 29. Rxg8+ Kxg8 30. Ke2 Kf8 31. g3 Ke7 32. Rd2 Nb6 33. Bd3 Nc4 34.
Bxc4 bxc4 35. f4 Rc7 36. f5 1-0

[Event "AUTO-MASTER-1857"]
[Site "http://www.queenalice.com/game.php?id=1173461"]
[Date "2013.4.20"]
[Round "1"]
[White "onasa"]
[Black "TheDonaldo"]
[Result "0-1"]
[WhiteElo "1972"]
[BlackElo "2180"]

1. e4 c5 2. Nf3 Nc6 3. d4 cxd4 4. Nxd4 e5 5. Nb5 d6 6. Bc4 Be7 7. O-O Nf6 8.
N5c3 O-O 9. Bg5 Nxe4 10. Nxe4 Bxg5 11. Nxg5 Qxg5 12. Qxd6 Bh3 13. Qd5 Rad8 14.
Qf3 Bg4 15. Qg3 Rd4 16. Bb3 h5 17. h3 h4 18. Qc3 Bf5 19. Na3 Rfd8 20. Rae1 R8d6
21. Qe3 Qg6 22. Nb5 Re4 23. Qf3 Rd2 24. Nc3 Nd4 0-1

[Event "AUTO-MASTER-1857"]
[Site "http://www.queenalice.com/game.php?id=1173462"]
[Date "2013.4.20"]
[Round "1"]
[White "TheDonaldo"]
[Black "LOMBARDY"]
[Result "1-0"]
[WhiteElo "2169"]
[BlackElo "2120"]

1. e4 c5 2. Nf3 d6 3. d4 cxd4 4. Nxd4 Nf6 5. Nc3 a6 6. Be3 e6 7. f3 Be7 8. Qd2
b5 9. g4 h6 10. O-O-O Bb7 11. Kb1 Nbd7 12. h4 Ne5 13. Be2 b4 14. Na4 d5 15. g5
Nfd7 16. gxh6 gxh6 17. b3 dxe4 18. f4 Nc6 19. Nxe6 fxe6 20. Bh5+ Kf8 21. f5 Bf6
22. Qxd7 Qxd7 23. Rxd7 Nd8 24. Bc5+ Kg8 25. Rg1+ Bg5 26. hxg5 1-0

[Event "AUTO-MASTER-1857"]
[Site "http://www.queenalice.com/game.php?id=1173463"]
[Date "2013.4.20"]
[Round "1"]
[White "LOMBARDY"]
[Black "TheDonaldo"]
[Result "0-1"]
[WhiteElo "2145"]
[BlackElo "2191"]

1. e4 c5 2. Nf3 Nc6 3. d4 cxd4 4. Bc4 e6 5. O-O d6 6. Nxd4 Nf6 7. Be3 Be7 8. f3
O-O 9. c3 a6 10. Na3 d5 11. exd5 Nxd5 12. Bf2 Nxc3 13. Nxc6 Nxd1 14. Nxd8 Nxf2
15. Nxf7 Nh3+ 16. gxh3 Rxf7 17. Nc2 Bc5+ 18. Kg2 Rf6 19. Rad1 b5 20. Rd8+ Rf8
21. Rxc8 Rfxc8 22. Bxe6+ Kf8 23. Bxc8 Rxc8 24. Ne1 Rd8 25. h4 Rd2+ 26. Kh3 Bd6
27. f4 Rxb2 28. Nd3 Rxa2 29. h5 a5 30. h6 Ra3 31. hxg7+ Kxg7 32. Rf3 Bxf4 33.
Kg4 Bxh2 34. Nc5 h5+ 0-1

[Event "AUTO-MASTER-1857"]
[Site "http://www.queenalice.com/game.php?id=1173464"]
[Date "2013.4.20"]
[Round "1"]
[White "TheDonaldo"]
[Black "Alexandrovinsk"]
[Result "1-0"]
[WhiteElo "2202"]
[BlackElo "2087"]

1. e4 c5 2. Nf3 Nc6 3. d4 cxd4 4. Nxd4 d6 5. Nc3 Nf6 6. Be3 g6 7. f3 Bg7 8. Qd2
Bd7 9. O-O-O Rc8 10. Kb1 O-O 11. g4 Ne5 12. h4 h5 13. Bh6 Nc4 14. Bxc4 Rxc4 15.
Bxg7 Kxg7 16. Nd5 Nxd5 17. exd5 Rh8 18. Qg5 e5 19. dxe6 Qxg5 20. hxg5 fxe6 21.
gxh5 Rxh5 22. Rhg1 e5 23. Nb3 Bf5 24. Rg2 Rxg5 25. Rf2 Rc6 26. Na5 Rb6 27. b3
Be6 28. c4 e4 29. Nxb7 Rxb7 30. Rxd6 e3 31. Re2 Re5 32. Kc1 Kf6 33. Rd3 Bf5 34.
Rdxe3 Rbe7 35. Kd2 Rxe3 36. Rxe3 Rxe3 37. Kxe3 Ke5 38. a3 Bb1 39. b4 Ba2 40. c5
Kd5 41. Kf4 Bb1 42. Kg5 Bc2 43. Kf6 a6 44. Ke7 Bf5 45. Kd8 Kc6 46. f4 a5 47. Ke7
axb4 48. axb4 Kb5 49. Kf6 1-0

[Event "AUTO-MASTER-1857"]
[Site "http://www.queenalice.com/game.php?id=1173465"]
[Date "2013.4.20"]
[Round "1"]
[White "Alexandrovinsk"]
[Black "TheDonaldo"]
[Result "0-1"]
[WhiteElo "2092"]
[BlackElo "2211"]

1. d4 Nf6 2. c4 g6 3. Nf3 Bg7 4. g3 O-O 5. Bg2 d6 6. O-O Bf5 7. Nc3 Nc6 8. Re1
Ne4 9. e3 Nxc3 10. bxc3 Na5 11. Nh4 Bd7 12. Qe2 c5 13. Rb1 Rb8 14. Bb2 Qc7 15.
f4 cxd4 16. cxd4 Nxc4 17. Rec1 b5 18. Ba1 Rfc8 19. a4 a6 20. axb5 axb5 21. Bd5
e6 22. Bxc4 bxc4 23. Rxb8 Qxb8 24. Nf3 d5 25. Qc2 Qa7 26. Rb1 Qa3 27. Bc3 Ba4
28. Qb2 Qxb2 29. Rxb2 Bb3 30. Bb4 Ra8 31. Nd2 Ra2 32. Rxa2 Bxa2 33. Kf2 Bf8 34.
Bxf8 Kxf8 35. Ke1 Kg7 36. Kd1 c3 37. Nf3 Bb1 38. Ne5 f6 39. Nc6 Bf5 40. Nb4 Kh6
41. Na2 c2+ 42. Ke1 Kh5 43. Kf2 Kg4 44. h4 Be4 45. Nc1 Bf5 46. Kg2 Be4+ 47. Kf2
Kh3 48. Ne2 Bd3 49. Nc1 Bc4 50. Kf3 Kh2 51. Kf2 Kh1 52. g4 h5 53. gxh5 gxh5 54.
Kg3 Kg1 55. Kf3 Kf1 56. f5 exf5 57. Kf4 Ke1 58. Kxf5 Kd1 0-1

[Event "AUTO-ELITE-1162"]
[Site "http://www.queenalice.com/game.php?id=1187865"]
[Date "2013.6.4"]
[Round "1"]
[White "ClivetheBeard"]
[Black "TheDonaldo"]
[Result "1-0"]
[WhiteElo "2325"]
[BlackElo "2229"]

1. e4 c5 2. f4 d5 3. Nf3 dxe4 4. Ng5 Nf6 5. Bc4 Bg4 6. Bxf7+ Kd7 7. Qxg4+ Nxg4
8. Be6+ Kc6 9. Bxg4 Qe8 10. Be6 g6 11. Nc3 Na6 12. a3 Nc7 13. Ba2 Bg7 14. O-O
Qd7 15. Ngxe4 Bd4+ 16. Kh1 Rhf8 17. d3 e5 18. Bd2 Rae8 19. fxe5 Bxe5 20. Bh6
Rxf1+ 21. Rxf1 a6 22. Nf6 1-0

[Event "AUTO-ELITE-1162"]
[Site "http://www.queenalice.com/game.php?id=1187866"]
[Date "2013.6.4"]
[Round "1"]
[White "TheDonaldo"]
[Black "ClivetheBeard"]
[Result "0-1"]
[WhiteElo "2185"]
[BlackElo "2327"]

1. e4 e5 2. Nf3 Nc6 3. Bb5 g6 4. d4 exd4 5. c3 d3 6. Qxd3 Bg7 7. h4 a6 8. Bc4 d6
9. Bg5 Nge7 10. h5 h6 11. hxg6 fxg6 12. Bh4 Bg4 13. Nbd2 Qd7 14. O-O O-O-O 15.
Rfe1 Rhf8 16. b4 g5 17. Bg3 d5 18. Bxa6 dxe4 19. Qb5 bxa6 20. Qxa6+ Kb8 21. b5
Qc8 22. Qa3 Nb4 23. Qxb4 Nd5 24. Qxe4 Bxc3 25. b6 Nxb6 26. Rab1 Rf6 0-1

[Event "AUTO-ELITE-1162"]
[Site "http://www.queenalice.com/game.php?id=1187869"]
[Date "2013.6.4"]
[Round "1"]
[White "pumamercedino"]
[Black "TheDonaldo"]
[Result "1/2-1/2"]
[WhiteElo "2391"]
[BlackElo "2193"]

1. e4 c5 2. Nf3 Nc6 3. Bb5 Nf6 4. Bxc6 dxc6 5. e5 Nd5 6. d3 g6 7. h3 Bg7 8. O-O
O-O 9. Re1 b6 10. Nc3 h6 11. Bd2 a5 12. Ne4 f5 13. exf6 exf6 14. Qc1 Kh7 15. a3
Ba6 16. c4 Nc7 17. Qc2 f5 18. Ng3 Qd6 19. Bc3 Ne6 20. Bxg7 Kxg7 21. Qb3 Rab8 22.
Qc3+ Rf6 23. Re5 Nd4 24. Rae1 Nxf3+ 25. gxf3 Qd4 26. Qxd4 cxd4 27. Ne2 Rd8 28.
Nf4 Bc8 29. c5 b5 30. Re8 Rxe8 31. Rxe8 Bd7 32. Ra8 Rf7 33. Ne2 Kf6 34. f4 Re7
35. Nxd4 Re1+ 36. Kg2 Rd1 37. Ra6 Rxd3 38. Nxc6 Bxc6+ 39. Rxc6+ Kf7 40. Ra6 Rb3
41. Rxa5 Rxb2 42. Ra7+ Ke6 43. Ra6+ Kd5 44. Rxg6 Ra2 45. Rxh6 Rxa3 46. Rh5 Kxc5
47. Rxf5+ Kc4 48. Rf7 b4 49. Rc7+ Kd3 50. Kf3 b3 51. Rb7 Kc2 52. Rc7+ Kd2 53.
Rd7+ Kc2 1/2-1/2

[Event "AUTO-ELITE-1162"]
[Site "http://www.queenalice.com/game.php?id=1187870"]
[Date "2013.6.4"]
[Round "1"]
[White "TheDonaldo"]
[Black "pumamercedino"]
[Result "1-0"]
[WhiteElo "2163"]
[BlackElo "2407"]

1. e4 e6 2. d4 d5 3. Nc3 Bb4 4. e5 b6 5. a3 Bf8 6. Nf3 Ba6 7. Bxa6 Nxa6 8. Qd3
Nb8 9. Ne2 c5 10. c4 Ne7 11. O-O Nbc6 12. Bg5 h6 13. Bxe7 Bxe7 14. dxc5 bxc5 15.
cxd5 Qxd5 16. Qb5 Rb8 17. Qa4 Rb6 18. Rfd1 Qb3 19. Qe4 O-O 20. Nc3 Nd4 21. Nd2
Qc2 22. Qxc2 Nxc2 23. Rab1 Rd8 24. Nc4 Rbb8 25. Rxd8+ Rxd8 26. Rd1 Rd4 27. Rxd4
cxd4 28. Na2 Na1 29. Nc1 Bg5 30. Nd3 Nb3 31. f4 Be7 32. Kf2 Kf8 33. Nb4 Bxb4 34.
axb4 Nc1 35. Kf3 Nb3 36. Ke4 Ke7 37. Na5 Nd2+ 38. Kxd4 Kd7 39. Kc5 Nf1 40. b5
Nxh2 41. Nc6 Ng4 42. Nxa7 Ne3 43. Nc6 Nxg2 44. b6 Kc8 45. Kb5 1-0

[Event "AUTO-MASTER-1846"]
[Site "http://www.queenalice.com/game.php?id=1206269"]
[Date "2013.8.8"]
[Round "2"]
[White "TheDonaldo"]
[Black "battit"]
[Result "1-0"]
[WhiteElo "2199"]
[BlackElo "2244"]

1. e4 c5 2. Nf3 d6 3. d4 cxd4 4. Nxd4 Nf6 5. Nc3 g6 6. Be3 Bg7 7. f3 Nc6 8. Qd2
O-O 9. Bc4 Bd7 10. O-O-O Rc8 11. Bb3 Ne5 12. Kb1 Nc4 13. Bxc4 Rxc4 14. g4 Re8
15. h4 a6 16. h5 b5 17. hxg6 fxg6 18. e5 dxe5 19. Ne6 Bxe6 20. Qxd8 Rxd8 21.
Rxd8+ Kf7 22. g5 Nh5 23. Ne4 Bf5 24. b3 Rc6 25. Kb2 Nf4 26. Rxh7 Ne2 27. Rh2 Nd4
28. Rf2 Ne6 29. Ra8 Nd4 30. c3 Ne6 31. Ra7 Nf4 32. Rd2 Ne6 33. Rdd7 Bf8 34. Rd1
Ke8 35. b4 Nf4 36. Nc5 Bc8 37. Ra8 Kf7 38. Bxf4 exf4 39. Rd8 1-0

[Event "AUTO-MASTER-1846"]
[Site "http://www.queenalice.com/game.php?id=1206270"]
[Date "2013.8.8"]
[Round "2"]
[White "battit"]
[Black "TheDonaldo"]
[Result "0-1"]
[WhiteElo "2228"]
[BlackElo "2212"]

1. e4 c5 2. Nc3 Nc6 3. Bc4 e6 4. d3 Nf6 5. Bb3 Be7 6. f4 d6 7. Nf3 O-O 8. O-O d5
9. e5 Ne8 10. Qe1 f5 11. Bd2 a6 12. a4 b6 13. Qg3 Bd7 14. Rad1 Nc7 15. Ne2 Be8
16. c3 Bh5 17. Be3 Bh4 18. Nxh4 Bxe2 19. Nf3 Bxd1 20. Bxd1 d4 21. cxd4 cxd4 22.
Bd2 Qd7 23. Ng5 h6 24. Nf3 Rfd8 25. Nh4 Nd5 26. Kh1 Ne3 27. Bxe3 dxe3 28. Qxe3
Qxd3 29. Qe1 Ra7 30. Be2 Qd2 31. Bc4 Kf7 32. Nxf5 Qxe1 33. Rxe1 b5 34. axb5 axb5
35. Bxb5 Nd4 36. Nxd4 Rxd4 37. g3 Rd2 38. Be2 Ra2 39. Kg2 Rdxb2 40. Kf3 Ra3+ 41.
Kf2 g5 42. Rd1 gxf4 43. gxf4 Kg6 44. Kf1 Kf5 45. Rd4 Raa2 46. Bd3+ Kg4 47. f5+
Kf3 0-1

[Event "AUTO-MASTER-1857"]
[Site "http://www.queenalice.com/game.php?id=1209844"]
[Date "2013.8.20"]
[Round "2"]
[White "tariann"]
[Black "TheDonaldo"]
[Result "0-1"]
[WhiteElo "2148"]
[BlackElo "2182"]

1. e4 c5 2. Nf3 Nc6 3. d4 cxd4 4. Nxd4 e5 5. Nb5 d6 6. c4 Be7 7. N1c3 a6 8. Na3
Be6 9. Be2 Bg5 10. Nc2 Bxc1 11. Rxc1 Nf6 12. O-O O-O 13. Qd2 Qa5 14. Rfd1 Rfd8
15. f4 exf4 16. Qxf4 Qe5 17. Qxe5 dxe5 18. Ne3 Nd4 19. Bf3 Rac8 20. b3 b5 21.
Ncd5 Bxd5 22. Nxd5 Nxd5 23. cxd5 g6 24. Kf2 Kf8 25. g4 f6 26. Bg2 Ke7 27. Ke3
Rh8 28. Kd3 Kd6 29. Rf1 Rxc1 30. Rxc1 h5 31. g5 fxg5 32. Rf1 Ke7 33. Rc1 Rf8 34.
Ke3 Kd7 35. b4 g4 36. a3 h4 37. Rc5 Rc8 38. Bf1 Rf8 39. Be2 Rf4 40. Bd1 g3 0-1